Nazwij pasujące państwo (poziom łatwy) - Statystyki

Ogólne statystyki
  • Ten quiz został rozwiązany 200 razy
  • Średni wynik to 11 z 15
Statystyki odpowiedzi
Fakt Odpowiedź % Poprawnych
Państwo, które zorganizuje MŚ w piłce nożnej w 2026 roku Kanada / Meksyk / Stany Zjednoczone
96%
Państwo na literę Z Zambia / Zimbabwe / Zjednoczone Emiraty Arabskie
92%
Państwo , na którego terenie znajduje się Mount Everest Chiny / Nepal
91%
Państwo, które graniczy ze stanem Waszyngton Kanada
89%
Państwo, które uczestniczyło w konflikcie o Falklandy Argentyna / Wielka Brytania
88%
Europejskie państwo, w którym funkcjonuje kara śmierci Białoruś / Rosja
88%
Państwo, które na fladze ma Union Jack Australia / Fidżi / Nowa Zelandia / Tuvalu / Wielka Brytania
86%
Europejskie państwo, którego stolica zaczyna się na literę K Dania / Mołdawia / Ukraina
86%
Azjatyckie państwo, które jest monarchią Afganistan / Arabia Saudyjska / Bahrajn / Bhutan / Brunei / Japonia / Jordania / Kambodża / Katar / Kuwejt / Malezja / Oman / Tajlandia / Zjednoczone Emiraty Arabskie
85%
Państwo śródlądowe w Ameryce Południowej Boliwia / Paragwaj
77%
Państwo, które jest położone nad Jeziorem Wiktorii Kenia / Tanzania / Uganda
64%
Państwo, które uznaje JetPunk, ale nie uznaje go ponad 100 państw na arenie międzynarodowej Tajwan
58%
Państwo, którego największe miasto oddziela cieśnina Bosfor Turcja
50%
Państwo podwójnie śródlądowe Liechtenstein / Uzbekistan
44%
Państwo, które na fladze ma kolor fioletowy Dominika / Nikaragua
32%
Nie znaleziono quizów pasujących do podanych kryteriów
Rozkład punktacji
Procent ludzi z każdym wynikiem
Percentyl według liczby udzielonych odpowiedzi
Twoja historia wyników
Nie rozwiązałeś tego quizu